| 000 | 00889cam a2200313 i 4500 | ||
|---|---|---|---|
| 999 |
_c7878 _d7878 |
||
| 001 | 991060403200506706 | ||
| 003 | OSt | ||
| 005 | 20240306135009.0 | ||
| 008 | 220309e202202 spc |00 0 cat|c | ||
| 015 |
_aLL2022 _2bnc |
||
| 017 |
_aDL B 1676-2022 _bBiblioteca de Catalunya |
||
| 020 | _a9788418857485 | ||
| 040 |
_aES-BaBAB _bcat _erda _cCDMR |
||
| 080 |
_a911.3:32 _22004 |
||
| 080 |
_a341.222 _22004 |
||
| 100 | 1 |
_aPartal, Vicent _93242 |
|
| 245 | 1 | 0 |
_aFronteres / _cVicent Partal |
| 250 | _a2a ed. | ||
| 264 | 1 |
_aBarcelona : _bComanegra, _c2022 |
|
| 300 |
_a252 pàgines ; _c21 cm |
||
| 490 | 1 |
_aEspores ; _v3. |
|
| 500 | _aA la coberta: Aquelles línies que algú ha dibuixat sobre el mapa | ||
| 650 | 0 | 7 |
_aGeografia política _2lemac |
| 650 | 0 | 7 |
_aFronteres _2lemac |
| 830 | 0 |
_aEspores ; _v3 |
|
| 908 |
_aBAB _aBC _aURV _aCLR _aUAB |
||
| 940 | _aBAB | ||
| 942 |
_2udc _cMON |
||